000 00390pab a2200157 454500
008 180718b2003 xxu||||| |||| 00| 0 eng d
100 _aDimond, Peter
245 _aSocial security investment in equities
260 _c2003
300 _ap.1047-074.
362 _aSep
650 _aSocial security
700 _aGeanakoplos, John
773 _aAmerican Economic Review
909 _a58327
999 _c58327
_d58327